[Event "2014 Alberta Reserves"]
[Site "Edmonton"]
[Date "2014.04.19"]
[Round "2"]
[White "Tran-Ly, Tristan"]
[Black "Hughey, Micah"]
[Result "0-1"]
[WhiteElo "1921"]
[BlackElo "2215"]
[PlyCount "102"]
[EventDate "2014.04.19"]
[EventType "swiss"]
[EventRounds "5"]
[EventCountry "CAN"]

1. d4 d5 2. c4 e6 3. Nf3 c5 4. e3 Nf6 5. Nc3 a6 6. a3 Nc6 7. Bd3 dxc4 8. Bxc4
b5 9. Ba2 Bb7 10. O-O Qc7 11. Qc2 Rc8 12. d5 exd5 13. Nxd5 Nxd5 14. Bxd5 Be7
15. Qf5 O-O 16. e4 Bf6 17. Bf4 Qb6 18. Ng5 Bxg5 19. Qxg5 Qd8 20. Qg4 Qe7 21.
Rad1 Nd4 22. Bxb7 Qxb7 23. Be5 Ne6 24. Rd6 Rcd8 25. Rfd1 Qc8 26. f4 c4 27. Rxd8
Rxd8 28. Rxd8+ Qxd8 29. f5 Qg5 30. Qe2 Nc5 31. Bc3 Qc1+ 32. Qe1 Qxe1+ 33. Bxe1
Nxe4 34. Kf1 h5 35. Ke2 Nd6 36. f6 gxf6 37. Ke3 Kf8 38. Bb4 Ke7 39. Kf4 Ke6 40.
h4 Nf5 41. Be1 Nh6 42. Bb4 Ng4 43. Bc3 Ne5 44. Ke4 Ng6 45. Be1 f5+ 46. Kd4 Nf4
47. g3 Nd3 48. Bc3 f4 49. gxf4 Nxf4 50. Be1 Nd3 51. Bc3 f5 0-1

[Event "2014 Alberta Reserves"]
[Site "Edmonton"]
[Date "2014.04.19"]
[Round "3"]
[White "Burn, Johnny"]
[Black "Wang, Kaixin"]
[Result "1-0"]
[WhiteElo "1552"]
[BlackElo "1603"]
[PlyCount "59"]
[EventDate "2014.04.19"]
[EventType "swiss"]
[EventRounds "5"]
[EventCountry "CAN"]

1. e4 c5 2. Nf3 g6 3. d4 cxd4 4. Nxd4 Bg7 5. Nc3 Nc6 6. Be3 a6 7. Qd2 e6 8. f3
Nge7 9. O-O-O O-O 10. Kb1 f5 11. Nxc6 bxc6 12. Bf4 fxe4 13. Bd6 exf3 14. g4 Rf7
15. Ne4 Qb6 16. c3 Nd5 17. c4 Nf6 18. Ng5 Bh6 19. c5 Qb7 20. Qf4 Bxg5 21. Qxg5
Ne4 22. Qd8+ Kg7 23. Be5+ Nf6 24. g5 Qb4 25. Bxf6+ Rxf6 26. Qxf6+ Kg8 27. Bh3
Qe4+ 28. Ka1 Rb8 29. Rhe1 Qc4 30. Bxe6+ 1-0

[Event "2014 Alberta Reserves"]
[Site "Edmonton"]
[Date "2014.04.19"]
[Round "3"]
[White "Cheng, Louis"]
[Black "Tran-Ly, Tristan"]
[Result "1-0"]
[WhiteElo "1892"]
[BlackElo "1921"]
[PlyCount "31"]
[EventDate "2014.04.19"]
[EventType "swiss"]
[EventRounds "5"]
[EventCountry "CAN"]

1. e4 e6 2. d4 d5 3. Nc3 Bb4 4. Bd2 Ne7 5. Bd3 c5 6. dxc5 Bxc5 7. Nf3 Nbc6 8.
a3 d4 9. Na4 Bd6 10. b4 Ng6 11. Bb5 e5 12. Bc4 Bd7 13. Ng5 Be6 14. Bxe6 fxe6
15. b5 Nb8 16. Qg4 1-0

[Event "2014 Alberta Reserves"]
[Site "Edmonton"]
[Date "2014.04.20"]
[Round "4"]
[White "Haynes, Nicolas"]
[Black "Hughey, Micah"]
[Result "1-0"]
[WhiteElo "2273"]
[BlackElo "2215"]
[PlyCount "47"]
[EventDate "2014.04.19"]
[EventType "swiss"]
[EventRounds "5"]
[EventCountry "CAN"]

1. e4 e5 2. Nf3 Nc6 3. Bb5 Nf6 4. O-O Nxe4 5. d4 exd4 6. Re1 f5 7. Nxd4 Nxd4 8.
Qxd4 c6 9. f3 b6 10. Kh1 Qh4 11. g3 Qe7 12. fxe4 cxb5 13. Nc3 Bb7 14. Nd5 Bxd5
15. Qxd5 Rc8 16. Bf4 Rxc2 17. exf5 Re2 18. Rxe2 Qxe2 19. Bd2 Be7 20. Re1 Qf2
21. Bb4 d6 22. Rxe7+ Kxe7 23. Qxd6+ Kf7 24. Qe6# 1-0

[Event "2014 Alberta Reserves"]
[Site "Edmonton"]
[Date "2014.04.20"]
[Round "4"]
[White "Miller, David"]
[Black "Sequillion, Aaron"]
[Result "0-1"]
[WhiteElo "2167"]
[BlackElo "2198"]
[PlyCount "68"]
[EventDate "2014.04.19"]
[EventType "swiss"]
[EventRounds "5"]
[EventCountry "CAN"]

1. e4 c5 2. Nf3 Nc6 3. d4 cxd4 4. Nxd4 Nf6 5. Nc3 d6 6. Bc4 Bd7 7. Bb3 Rc8 8.
Be3 a6 9. f3 b5 10. Qd2 e6 11. a4 b4 12. Na2 Nxd4 13. Bxd4 e5 14. Be3 a5 15. c3
Rb8 16. cxb4 axb4 17. Bd5 Nxd5 18. exd5 Qh4+ 19. Bf2 Qc4 20. Nc1 b3 21. a5 Bb5
22. Ne2 Be7 23. Nc3 O-O 24. Qe2 Qb4 25. Qe4 Ba6 26. Bb6 Rxb6 27. axb6 Qxb6 28.
Na4 Qa5+ 29. Kf2 Qd2+ 30. Kg1 Bg5 31. h4 Be3+ 32. Kh2 Bf4+ 33. Kh3 Qf2 34. Qe1
Bc8+ 0-1

[Event "2014 Alberta Reserves"]
[Site "Edmonton"]
[Date "2014.04.20"]
[Round "5"]
[White "Burn, Johnny"]
[Black "Haynes, Nicolas"]
[Result "0-1"]
[WhiteElo "1552"]
[BlackElo "2273"]
[PlyCount "64"]
[EventDate "2014.04.19"]
[EventType "swiss"]
[EventRounds "5"]
[EventCountry "CAN"]

1. e4 c5 2. Nf3 e6 3. d4 cxd4 4. Nxd4 Nc6 5. Nc3 a6 6. Be3 Qc7 7. Qd2 Nf6 8. f3
Be7 9. O-O-O b5 10. Kb1 O-O 11. g4 d6 12. h4 Na5 13. h5 b4 14. Nce2 Nc4 15. Qd3
Nd7 16. Ng3 Nde5 17. Qe2 a5 18. f4 Ba6 19. Qe1 Nxg4 20. Bxc4 Qxc4 21. Rg1 Kh8
22. Bc1 Bf6 23. Nge2 Nh6 24. b3 Qc5 25. f5 Rac8 26. Bb2 e5 27. Qd2 exd4 28.
Nxd4 Qe5 29. c3 Qxe4+ 30. Ka1 bxc3 31. Bxc3 Nxf5 32. Kb2 Rxc3 0-1

[Event "2014 Alberta Women's Championship"]
[Site "Edmonton"]
[Date "2014.04.19"]
[Round "3"]
[White "Parveen, Seyda"]
[Black "Burn, Jina"]
[Result "1-0"]
[WhiteElo "2080"]
[BlackElo "1534"]
[PlyCount "55"]
[EventDate "2014.04.19"]
[EventType "swiss"]
[EventRounds "5"]
[EventCountry "CAN"]

1. d4 d5 2. Nf3 Nf6 3. g3 Bg4 4. Bg2 e6 5. O-O c5 6. b3 Nc6 7. Bb2 Rc8 8. e3
cxd4 9. exd4 h5 10. h3 Bf5 11. a3 Ne4 12. Nbd2 g5 13. c4 g4 14. Nh4 Nxd2 15.
Qxd2 gxh3 16. Bxd5 exd5 17. Nxf5 Rg8 18. Rfe1+ Ne7 19. c5 Kd7 20. Nd6 Rc7 21.
Nxf7 Qe8 22. Qf4 Rg7 23. Nd6 Qd8 24. b4 b6 25. Rac1 Rg4 26. Qe5 Bg7 27. Qe6+
Kc6 28. b5# 1-0

[Event "2014 Alberta Women's Championship"]
[Site "Edmonton"]
[Date "2014.04.20"]
[Round "4"]
[White "Arzumanyan, Armine"]
[Black "Parveen, Seyda"]
[Result "0-1"]
[WhiteElo "1912"]
[BlackElo "2080"]
[PlyCount "100"]
[EventDate "2014.04.19"]
[EventType "swiss"]
[EventRounds "5"]
[EventCountry "CAN"]

1. e4 e5 2. Bc4 Nf6 3. Nc3 Bb4 4. d3 Bxc3+ 5. bxc3 h6 6. Nf3 d6 7. h3 Nc6 8. a3
O-O 9. Rb1 d5 10. exd5 Nxd5 11. Bd2 Rb8 12. O-O Qd6 13. Qc1 Kh7 14. Nh2 f5 15.
f4 e4 16. Qe1 Nf6 17. Bc1 Na5 18. Bb5 a6 19. c4 b6 20. Ba4 exd3 21. Qe5 Nxc4
22. Qxd6 Nxd6 23. cxd3 Bb7 24. Bc2 Nd5 25. Bd2 Nb5 26. Ra1 Nd4 27. Bd1 Rfe8 28.
Nf3 Nxf3+ 29. Bxf3 Nf6 30. Bc3 Bxf3 31. Rxf3 Nd5 32. Be5 Rbc8 33. d4 c6 34. a4
a5 35. Rg3 g6 36. h4 h5 37. Kf2 Re6 38. Rc1 Kg8 39. Rb3 Kf7 40. g3 Nb4 41. Kf3
Ke7 42. Rxb4 axb4 43. d5 Rxe5 44. fxe5 c5 45. Kf4 c4 46. Kg5 c3 47. Kxg6 b3 48.
d6+ Ke6 49. Rd1 c2 50. d7 Rg8+ 0-1

[Event "2014 Red Deer Open"]
[Site "Red Deer"]
[Date "2014.05.17"]
[Round "1.1"]
[White "Mah, Sean"]
[Black "Pechenkin, Vladimir"]
[Result "0-1"]
[WhiteElo "1485"]
[BlackElo "2382"]
[PlyCount "48"]
[EventDate "2014.05.17"]
[EventType "swiss"]
[EventRounds "5"]
[EventCountry "CAN"]

1. d4 f5 2. e3 Nf6 3. Bd3 e6 4. Nd2 Be7 5. Ngf3 O-O 6. O-O b6 7. b3 Bb7 8. Bb2
Ne4 9. c4 d5 10. Ne5 Nd7 11. Nxd7 Qxd7 12. f3 Nxd2 13. Qxd2 Bd6 14. f4 Qe7 15.
Rf2 a5 16. Qc2 Rac8 17. Rc1 c5 18. dxc5 Bxc5 19. Bd4 dxc4 20. bxc4 Rfd8 21. Qb2
Ba3 22. Qb1 Bxc1 23. Qxc1 b5 24. Rc2 bxc4 0-1

[Event "2014 Red Deer Open"]
[Site "Red Deer"]
[Date "2014.05.17"]
[Round "1.2"]
[White "Sequillion, Aaron"]
[Black "Scholz, Mike"]
[Result "1-0"]
[WhiteElo "2213"]
[BlackElo "1329"]
[PlyCount "35"]
[EventDate "2014.05.17"]
[EventType "swiss"]
[EventRounds "5"]
[EventCountry "CAN"]

1. d4 Nf6 2. c4 e6 3. Nf3 Bb4+ 4. Bd2 Bxd2+ 5. Nbxd2 O-O 6. e4 d6 7. Bd3 Ne8 8.
Qc2 g6 9. O-O-O Nd7 10. h4 Ng7 11. e5 dxe5 12. dxe5 Nc5 13. Ne4 Qe7 14. Nf6+
Kh8 15. h5 Nxd3+ 16. Qxd3 b5 17. hxg6 fxg6 18. Rxh7# 1-0

[Event "2014 Red Deer Open"]
[Site "Red Deer"]
[Date "2014.05.17"]
[Round "1.3"]
[White "Taranik, Nikita"]
[Black "Miller, David"]
[Result "0-1"]
[WhiteElo "741"]
[BlackElo "2145"]
[PlyCount "70"]
[EventDate "2014.05.17"]
[EventType "swiss"]
[EventRounds "5"]
[EventCountry "CAN"]

1. e4 c5 2. Nf3 d6 3. d4 cxd4 4. Nxd4 Nf6 5. Nc3 a6 6. Bg5 e6 7. Bd3 Nbd7 8.
O-O Qc7 9. f4 Qb6 10. Nce2 e5 11. fxe5 dxe5 12. Bxf6 Nxf6 13. c3 Bg4 14. Qd2
Bxe2 15. Qxe2 exd4 16. Kh1 dxc3 17. bxc3 Be7 18. Rab1 Qc7 19. e5 Nd7 20. Qf3
Nxe5 21. Rxb7 Nxf3 22. Rxc7 Ne5 23. Re1 f6 24. Be4 Rd8 25. Bc6+ Nxc6 26. Rxc6
O-O 27. h3 Rd6 28. Rc7 Bd8 29. Ra7 f5 30. Re3 Rd1+ 31. Kh2 Bb6 32. Ree7 Bxa7
33. Rxa7 Rf6 34. Ra8+ Kf7 35. Rh8 Kg6 0-1

[Event "2014 Red Deer Open"]
[Site "Red Deer"]
[Date "2014.05.17"]
[Round "1.7"]
[White "Taranik, Alexey"]
[Black "Kadavil, Suresh"]
[Result "1-0"]
[WhiteElo "1617"]
[BlackElo "1536"]
[PlyCount "73"]
[EventDate "2014.05.17"]
[EventType "swiss"]
[EventRounds "5"]
[EventCountry "CAN"]

1. c4 c6 2. d4 h6 3. Nc3 e6 4. Nf3 d6 5. e4 g6 6. Be3 Bg7 7. Qd2 Ne7 8. g3 Nd7
9. Bg2 g5 10. h4 g4 11. Nh2 h5 12. f3 e5 13. b3 exd4 14. Bxd4 Nf6 15. fxg4 hxg4
16. Qf2 Ng6 17. O-O Ne5 18. Rad1 Qe7 19. Ne2 Be6 20. Bb2 c5 21. Nc3 a6 22. Bc1
Nh7 23. Be3 O-O 24. Nd5 Bxd5 25. Rxd5 f5 26. exf5 Rf6 27. Re1 Qf7 28. Rxe5 Kh8
29. Rd5 Rf8 30. Nxg4 Rxf5 31. Rxf5 Qxf5 32. Qxf5 Rxf5 33. Bf4 Nf6 34. Nxf6 Rxf6
35. Re8+ Bf8 36. Bg5 Rf7 37. Bd5 1-0

[Event "2014 Red Deer Open"]
[Site "Red Deer"]
[Date "2014.05.17"]
[Round "2.1"]
[White "Pechenkin, Vladimir"]
[Black "Cheng, Louis"]
[Result "1-0"]
[WhiteElo "2382"]
[BlackElo "1920"]
[PlyCount "113"]
[EventDate "2014.05.17"]
[EventType "swiss"]
[EventRounds "5"]
[EventCountry "CAN"]

1. c4 Nf6 2. g3 g6 3. Bg2 Bg7 4. Nc3 O-O 5. d3 d6 6. e4 c6 7. Nge2 e5 8. O-O
Be6 9. h3 Qc8 10. Kh2 Rd8 11. f4 Ne8 12. Be3 Na6 13. Rc1 Qd7 14. b3 Nac7 15. d4
f6 16. d5 Bf7 17. f5 g5 18. Bf3 c5 19. h4 h6 20. a3 Rdb8 21. b4 b6 22. Rb1 Bf8
23. Nc1 Rb7 24. Nd3 Rab8 25. Rf2 a5 26. Rfb2 axb4 27. axb4 Na6 28. Qd2 Kh7 29.
Bd1 Ng7 30. hxg5 fxg5 31. Ba4 Qd8 32. bxc5 Nxc5 33. Bxc5 dxc5 34. Nxe5 Bd6 35.
Nc6 Qf6 36. Nb5 Be5 37. Nxe5 Qxe5 38. Bc2 Nh5 39. Qc3 Nf6 40. Qxe5 Ng4+ 41. Kg1
Nxe5 42. Nd6 Ra7 43. Rxb6 Rxb6 44. Rxb6 Ra2 45. Nxf7 Nf3+ 46. Kf2 Nd4 47. Ne5
Rxc2+ 48. Ke3 Rc3+ 49. Kd2 Rxg3 50. Rb7+ Kg8 51. f6 Nf3+ 52. Nxf3 Rxf3 53. e5
Rf4 54. d6 Rxc4 55. Rg7+ Kh8 56. d7 Rd4+ 57. Kc3 1-0

[Event "2014 Red Deer Open"]
[Site "Red Deer"]
[Date "2014.05.17"]
[Round "2.2"]
[White "Bentley, Bill"]
[Black "Sequillion, Aaron"]
[Result "0-1"]
[WhiteElo "1886"]
[BlackElo "2213"]
[PlyCount "48"]
[EventDate "2014.05.17"]
[EventType "swiss"]
[EventRounds "5"]
[EventCountry "CAN"]

1. d4 Nf6 2. c4 c5 3. d5 e6 4. Nc3 exd5 5. cxd5 d6 6. e4 g6 7. Bd3 Bg7 8. h3
O-O 9. Nf3 b5 10. Nxb5 Nxe4 11. Bxe4 Re8 12. Nc3 Bxc3+ 13. bxc3 Rxe4+ 14. Be3
Ba6 15. Qc2 Qe7 16. O-O-O Nd7 17. Nd2 Re5 18. Nf3 Rf5 19. Rhe1 Ne5 20. Nxe5
Rxe5 21. Qd2 Re8 22. Bg5 Qb7 23. Rxe5 Rxe5 24. Bf4 Re2 0-1

[Event "2014 Red Deer Open"]
[Site "Red Deer"]
[Date "2014.05.17"]
[Round "2.3"]
[White "Miller, David"]
[Black "Dodd, Mark"]
[Result "1-0"]
[WhiteElo "2145"]
[BlackElo "1726"]
[PlyCount "29"]
[EventDate "2014.05.17"]
[EventType "swiss"]
[EventRounds "5"]
[EventCountry "CAN"]

1. e4 e5 2. f4 exf4 3. Nf3 d6 4. d4 g5 5. g3 Bg4 6. gxf4 Bg7 7. fxg5 Bxf3 8.
Qxf3 Bxd4 9. Bc4 f6 10. Qh5+ Kd7 11. Qg4+ Ke8 12. Qe6+ Qe7 13. Qc8+ Qd8 14.
Qxb7 Nd7 15. Qd5 1-0

[Event "2014 Red Deer Open"]
[Site "Red Deer"]
[Date "2014.05.17"]
[Round "2.4"]
[White "Scholz, Mike"]
[Black "Taranik, Alexey"]
[Result "0-1"]
[WhiteElo "1329"]
[BlackElo "1617"]
[PlyCount "64"]
[EventDate "2014.05.17"]
[EventType "swiss"]
[EventRounds "5"]
[EventCountry "CAN"]

1. e4 e6 2. d4 d5 3. e5 c5 4. Bb5+ Bd7 5. Bxd7+ Qxd7 6. Nf3 Nc6 7. O-O cxd4 8.
Nxd4 Nxe5 9. Nf3 Nxf3+ 10. Qxf3 Nf6 11. Bg5 Be7 12. Na3 Rc8 13. c3 O-O 14. Rad1
Bxa3 15. bxa3 Ne8 16. Qg3 Rc4 17. Rfe1 Qc7 18. Qxc7 Rxc7 19. Rb1 b6 20. a4 Nf6
21. Bxf6 gxf6 22. Rec1 Rfc8 23. g3 Rxc3 24. Rxc3 Rxc3 25. Rb3 Rxb3 26. axb3 Kf8
27. Kf1 Ke7 28. Ke2 Kd6 29. Kd3 Kc5 30. f4 Kb4 31. Kc2 e5 32. fxe5 fxe5 0-1

[Event "2014 Red Deer Open"]
[Site "Red Deer"]
[Date "2014.05.17"]
[Round "3.1"]
[White "Sequillion, Aaron"]
[Black "Miller, David"]
[Result "0-1"]
[WhiteElo "2213"]
[BlackElo "2145"]
[PlyCount "52"]
[EventDate "2014.05.17"]
[EventType "swiss"]
[EventRounds "5"]
[EventCountry "CAN"]

1. d4 Nf6 2. c4 e6 3. Nf3 d5 4. Nc3 Be7 5. e3 O-O 6. Bd3 c5 7. O-O Nc6 8. b3
cxd4 9. exd4 Qa5 10. Bb2 a6 11. c5 Nb4 12. Bb1 Bd7 13. a3 Nc6 14. Qd3 Qc7 15.
b4 g6 16. Re1 Rfe8 17. Ne5 Nxe5 18. dxe5 Nh5 19. Ne2 f5 20. exf6 Bxf6 21. Bxf6
Nxf6 22. f4 e5 23. fxe5 Qxe5 24. Ba2 Bb5 25. Qf3 Bxe2 26. Rxe2 Qxa1+ 0-1

[Event "2014 Red Deer Open"]
[Site "Red Deer"]
[Date "2014.05.17"]
[Round "3.2"]
[White "Cheng, Louis"]
[Black "Dodd, Mark"]
[Result "1-0"]
[WhiteElo "1920"]
[BlackElo "1726"]
[PlyCount "73"]
[EventDate "2014.05.17"]
[EventType "swiss"]
[EventRounds "5"]
[EventCountry "CAN"]

1. d4 Nf6 2. c4 e6 3. Nf3 b6 4. a3 Bb7 5. Bg5 c5 6. d5 exd5 7. cxd5 d6 8. e4
Be7 9. Nc3 O-O 10. Bc4 Nbd7 11. O-O Ng4 12. Bf4 Bf6 13. Bxd6 Re8 14. Qc2 Nde5
15. Bxe5 Nxe5 16. Nxe5 Bxe5 17. Rae1 Qd6 18. g3 Bc8 19. Nb5 Qf6 20. f4 Bd4+ 21.
Kg2 Rd8 22. e5 Qh6 23. h4 Bb7 24. Kh2 a6 25. Nxd4 cxd4 26. Qe4 Rac8 27. Qxd4 b5
28. Bb3 Rd7 29. Rc1 Rcd8 30. d6 Kf8 31. Rfe1 Qg6 32. e6 fxe6 33. Rxe6 Rxd6 34.
Qc5 Qd3 35. Rd1 Qxb3 36. Rdxd6 Qxb2+ 37. Rd2+ 1-0

[Event "2014 Red Deer Open"]
[Site "Red Deer"]
[Date "2014.05.17"]
[Round "3.3"]
[White "Scholz, Mike"]
[Black "Kadavil, Suresh"]
[Result "1-0"]
[WhiteElo "1329"]
[BlackElo "1536"]
[PlyCount "79"]
[EventDate "2014.05.17"]
[EventType "swiss"]
[EventRounds "5"]
[EventCountry "CAN"]

1. e4 a6 2. Nc3 d6 3. Nf3 h6 4. d4 e6 5. Be2 g6 6. O-O Bg7 7. e5 d5 8. Bd3 Nd7
9. Ne2 Ne7 10. c3 c5 11. Nf4 g5 12. Nh5 Rg8 13. Bh7 Kf8 14. Bxg8 Kxg8 15. Nxg7
Kxg7 16. Qd2 Ng6 17. g3 f5 18. exf6+ Qxf6 19. Ne1 c4 20. h4 Nxh4 21. gxh4 gxh4
22. Kh2 e5 23. Rg1+ Kh7 24. Qe2 Qe6 25. Qg4 Qf7 26. Qxh4 h5 27. Be3 e4 28. Qg5
Kh8 29. Qh6+ Qh7 30. Rg6 Qxh6 31. Rxh6+ Kg7 32. Rxh5 Nf6 33. Rg5+ Kf7 34. Ng2
Bg4 35. Rxg4 Nxg4+ 36. Kg3 Rg8 37. Kh3 Ke6 38. Rf1 Kf5 39. f3 Rh8+ 40. Nh4+ 1-0

[Event "2014 Red Deer Open"]
[Site "Red Deer"]
[Date "2014.05.18"]
[Round "4.1"]
[White "Miller, David"]
[Black "Pechenkin, Vladimir"]
[Result "1/2-1/2"]
[WhiteElo "2145"]
[BlackElo "2382"]
[PlyCount "108"]
[EventDate "2014.05.17"]
[EventType "swiss"]
[EventRounds "5"]
[EventCountry "CAN"]

1. e4 e6 2. d4 d5 3. Nc3 Nf6 4. e5 Nfd7 5. Nce2 c5 6. f4 Nc6 7. c3 Qb6 8. Nf3
f6 9. a3 Be7 10. h4 O-O 11. Neg1 cxd4 12. cxd4 fxe5 13. fxe5 Ndxe5 14. dxe5
Nxe5 15. Qe2 Ng4 16. Nh3 Bd6 17. Qb5 Qc7 18. Bd2 Bd7 19. Qb3 Bg3+ 20. Kd1 e5
21. Nfg5 e4 22. Qxd5+ Kh8 23. Rc1 Bc6 24. Qxe4 Bxe4 25. Rxc7 Bxc7 26. Nxe4 Rad8
27. Kc1 Rd4 28. Nc3 Nf2 29. Nxf2 Rxf2 30. Be3 Bf4 31. Bxf4 Rdxf4 32. Bd3 Rxg2
33. Be4 Rgg4 34. Rd1 g6 35. h5 Rxe4 36. Nxe4 Rxe4 37. h6 Rc4+ 38. Kb1 Rc8 39.
Rd7 g5 40. Rxb7 g4 41. Rxa7 g3 42. Re7 g2 43. Re1 Rf8 44. Kc2 Rf2+ 45. Kc3 Kg8
46. Rg1 Kf7 47. b4 Ke6 48. Kd4 Kd6 49. Ke3 Ra2 50. a4 Rxa4 51. Rxg2 Rxb4 52.
Rg7 Rh4 53. Rxh7 Ke6 54. Ra7 Kf6 1/2-1/2

[Event "2014 Red Deer Open"]
[Site "Red Deer"]
[Date "2014.05.18"]
[Round "4.2"]
[White "Taranik, Alexey"]
[Black "Sequillion, Aaron"]
[Result "1/2-1/2"]
[WhiteElo "1617"]
[BlackElo "2213"]
[PlyCount "115"]
[EventDate "2014.05.17"]
[EventType "swiss"]
[EventRounds "5"]
[EventCountry "CAN"]

1. c4 Nf6 2. g3 g6 3. Bg2 Bg7 4. Nc3 O-O 5. e4 d6 6. Nge2 e5 7. O-O Nc6 8. d3
a5 9. h3 Nd7 10. Be3 Nd4 11. Qd2 Nc5 12. Bxd4 exd4 13. Nb5 Ne6 14. Rab1 c6 15.
Na3 f5 16. f4 Nc5 17. Rbe1 Re8 18. Nc1 Qf6 19. Re2 Bd7 20. Rfe1 h5 21. h4 Kh7
22. Bf3 a4 23. Qc2 Rec8 24. e5 dxe5 25. Rxe5 Qd6 26. R5e2 Re8 27. Rxe8 Rxe8 28.
Rxe8 Bxe8 29. Qe2 Bd7 30. Nb1 b5 31. b4 axb3 32. axb3 bxc4 33. bxc4 Na4 34. Nd2
Nc3 35. Qe1 Bf6 36. Kf2 Kg7 37. Ncb3 Qb4 38. Qa1 Na4 39. Bg2 Qe7 40. Qe1 Qa3
41. Qa1 Qb4 42. Bf3 Kh6 43. Bg2 Nc5 44. Nxc5 Qxd2+ 45. Kf1 Be8 46. Qe1 Qxe1+
47. Kxe1 Be7 48. Ne6 Bb4+ 49. Ke2 c5 50. Nd8 Ba4 51. Nc6 Bc3 52. Ne5 Kg7 53.
Bc6 Bxc6 54. Nxc6 Kf6 55. Ne5 Bb4 56. Nd7+ Ke7 57. Ne5 Kf6 58. Nd7+ 1/2-1/2

[Event "2014 Red Deer Open"]
[Site "Red Deer"]
[Date "2014.05.18"]
[Round "4.3"]
[White "Bentley, Bill"]
[Black "Cheng, Louis"]
[Result "0-1"]
[WhiteElo "1886"]
[BlackElo "1920"]
[PlyCount "46"]
[EventDate "2014.05.17"]
[EventType "swiss"]
[EventRounds "5"]
[EventCountry "CAN"]

1. d4 Nf6 2. c4 e6 3. Nc3 Bb4 4. e3 b6 5. Bd3 Bb7 6. Nf3 O-O 7. O-O c5 8. a3
Bxc3 9. bxc3 Qc7 10. Bb2 Ne4 11. Qc2 f5 12. Nd2 Nxd2 13. Qxd2 Nc6 14. Rac1 Na5
15. Qe2 Rf6 16. e4 fxe4 17. Bxe4 Bxe4 18. Qxe4 Raf8 19. Qe2 Qf4 20. Rcd1 Rg6
21. Bc1 Qf5 22. dxc5 Qxc5 23. Rxd7 Qc6 0-1

[Event "2014 Red Deer Open"]
[Site "Red Deer"]
[Date "2014.05.17"]
[Round "4.5"]
[White "Dodd, Mark"]
[Black "Taranik, Nikita"]
[Result "1-0"]
[WhiteElo "1726"]
[BlackElo "746"]
[PlyCount "93"]
[EventDate "2014.05.17"]
[EventType "swiss"]
[EventRounds "5"]
[EventCountry "CAN"]

1. d4 d5 2. c4 e6 3. Nc3 c5 4. Nf3 Nf6 5. Bg5 Na6 6. e3 Nc7 7. cxd5 exd5 8. Rc1
Be6 9. Qc2 Rc8 10. Qa4+ Bd7 11. Qxa7 Rb8 12. Qb6 cxd4 13. Nxd4 Be7 14. Ncb5
Nxb5 15. Qxd8+ Rxd8 16. Bxb5 O-O 17. Rc7 Rc8 18. Rxc8 Bxc8 19. O-O Rd8 20. Rc1
Bd7 21. h3 h6 22. Bf4 Ne4 23. Rc7 Bxb5 24. Nxb5 Bf6 25. b3 Ra8 26. a4 Nd2 27.
Rxb7 Nxb3 28. Nc7 Nc5 29. Nxa8 Nxb7 30. Nb6 Nc5 31. Nxd5 Bd8 32. Nc3 Bf6 33.
Nd5 Bd8 34. Be5 Nxa4 35. Bd4 Ba5 36. Kf1 Bd2 37. Ke2 Bc1 38. Kd3 Bb2 39. Kc2
Bxd4 40. exd4 Kf8 41. Kb3 Ke8 42. Kxa4 Kd7 43. Kb5 Kd6 44. Kc4 Kc6 45. Ne7+ Kd7
46. Nf5 g6 47. Nxh6 1-0

[Event "2014 Red Deer Open"]
[Site "Red Deer"]
[Date "2014.05.18"]
[Round "5.1"]
[White "Cheng, Louis"]
[Black "Miller, David"]
[Result "1-0"]
[WhiteElo "1920"]
[BlackElo "2145"]
[PlyCount "133"]
[EventDate "2014.05.17"]
[EventType "swiss"]
[EventRounds "5"]
[EventCountry "CAN"]

1. d4 Nf6 2. c4 d6 3. Nc3 Bf5 4. h3 e5 5. dxe5 dxe5 6. Qxd8+ Kxd8 7. g4 Be6 8.
Bg2 c6 9. b3 a5 10. a4 Nfd7 11. Nf3 f6 12. O-O Nc5 13. Rb1 Nba6 14. Nh4 g6 15.
Bd2 Kc7 16. f4 Bg7 17. f5 Bf7 18. g5 fxg5 19. Bxg5 Nd7 20. Ne4 gxf5 21. Nxf5
Bf8 22. Rbd1 Nac5 23. Kh2 Bg6 24. Nxc5 Bxc5 25. Ng7 h6 26. Ne6+ Kc8 27. Bh4 Bb4
28. Bf6 Re8 29. Ng7 Rg8 30. Ne6 Bc2 31. Rc1 Bxb3 32. Be4 Nxf6 33. Rxf6 Bxa4 34.
Rb1 Rh8 35. Rf7 Re8 36. Bf5 Kb8 37. Nc5 Ra7 38. Nxa4 b5 39. Rxa7 Kxa7 40. Nb2
Rf8 41. Bd3 Kb6 42. Nd1 Bd6 43. Kg2 Rg8+ 44. Kf3 Rf8+ 45. Ke3 b4 46. Nb2 c5 47.
Na4+ Ka6 48. Rg1 Rf6 49. Rg6 Rxg6 50. Bxg6 Kb7 51. Ke4 Kc7 52. Kd5 Kd7 53. Bc2
Bf8 54. Nxc5+ Ke8 55. Bg6+ Ke7 56. Kxe5 Bg7+ 57. Kd5 Kf6 58. Be8 Kf5 59. Bd7+
Kf4 60. Ne6+ Ke3 61. Nxg7 b3 62. c5 b2 63. Bf5 a4 64. c6 a3 65. Bb1 Kd2 66. c7
Kc1 67. Ba2 1-0

[Event "2014 Red Deer Open"]
[Site "Red Deer"]
[Date "2014.05.18"]
[Round "5.2"]
[White "Pechenkin, Vladimir"]
[Black "Sequillion, Aaron"]
[Result "1-0"]
[WhiteElo "2382"]
[BlackElo "2213"]
[PlyCount "36"]
[EventDate "2014.05.17"]
[EventType "swiss"]
[EventRounds "5"]
[EventCountry "CAN"]

1. c4 g6 2. Nc3 Bg7 3. g3 c5 4. Bg2 Nc6 5. Nf3 e5 6. O-O Nge7 7. a3 O-O 8. Rb1
d5 9. cxd5 Nxd5 10. Nxe5 Nxc3 11. Nxc6 Nxe2+ 12. Qxe2 bxc6 13. d3 Bf5 14. Rd1
Qd7 15. Be3 Rfe8 16. Qc2 Bd4 17. Bxd4 Qxd4 18. Bxc6 c4 1-0

[Event "2014 Red Deer Open"]
[Site "Red Deer"]
[Date "2014.05.18"]
[Round "5.3"]
[White "Dodd, Mark"]
[Black "Mah, Sean"]
[Result "1-0"]
[WhiteElo "1726"]
[BlackElo "1485"]
[PlyCount "73"]
[EventDate "2014.05.17"]
[EventType "swiss"]
[EventRounds "5"]
[EventCountry "CAN"]

1. d4 d5 2. c4 e6 3. Nc3 Nf6 4. Bg5 c6 5. Nf3 Nbd7 6. e3 Bb4 7. Bd3 Qa5 8. Qb3
Ne4 9. Bxe4 dxe4 10. Ne5 Nxe5 11. dxe5 Qxe5 12. Qxb4 Qxg5 13. O-O c5 14. Qb5+
Ke7 15. Nxe4 Qe5 16. Qxc5+ Qxc5 17. Nxc5 b6 18. Nd3 Rd8 19. Rfd1 Ba6 20. b3
Rac8 21. Nb4 Bb7 22. Rd4 Rxd4 23. exd4 Rd8 24. Rd1 a5 25. Nc2 e5 26. d5 b5 27.
Ne3 bxc4 28. bxc4 Kd6 29. Rb1 Ba8 30. Rb5 g6 31. Rxa5 Rc8 32. a4 f5 33. Kf1 f4
34. Ng4 Bb7 35. Rb5 h5 36. Nf6 Rf8 37. Rxb7 1-0

[Event "31st Trumpeter Classic"]
[Site "Grande Prairie"]
[Date "2014.06.07"]
[Round "3"]
[White "Miller, David"]
[Black "Sequillion, Aaron"]
[Result "0-1"]
[WhiteElo "2220"]
[BlackElo "2168"]
[PlyCount "74"]
[EventDate "2014.06.07"]
[EventType "swiss"]
[EventRounds "5"]
[EventCountry "CAN"]

1. e4 c5 2. Nf3 Nc6 3. d4 cxd4 4. Nxd4 Nf6 5. Nc3 d6 6. Bc4 e6 7. Be3 Bd7 8.
Qe2 a6 9. Bb3 Rc8 10. O-O-O Qc7 11. g4 Nxd4 12. Rxd4 e5 13. Rc4 Qb8 14. Rxc8+
Qxc8 15. g5 Ng8 16. Rd1 Ne7 17. Rxd6 Nc6 18. Rd1 Be7 19. Nd5 Bd8 20. h4 O-O 21.
Rg1 Kh8 22. h5 Nd4 23. Bxd4 exd4 24. g6 fxg6 25. hxg6 h6 26. Qd2 Bh4 27. Nb6
Qd8 28. Bf7 Be6 29. Bxe6 Bxf2 30. Qxh6+ gxh6 31. g7+ Kh7 32. gxf8=N+ Qxf8 33.
Rd1 Be3+ 34. Kb1 Qf3 35. Bf5+ Kg7 36. Re1 d3 37. cxd3 Bxb6 0-1